000 01309cam a2200313 a 4500
999 _c6036
_d6036
001 2598189
003 OSt
005 20200125113058.0
008 970604s1998 maua b 001 0 eng
010 _a 97025011
020 _a0074638793
020 _a0071155481(International ed.)
040 _aDLC
_cDLC
_dDLC
050 0 0 _aT58.6
_b.S328 1998
082 0 0 _a658.4038011
_221
_bSCH/M
100 1 _aSchultheis, Robert A.
_91543
245 1 0 _aManagement information systems :
_bthe manager's view /
_cRobert Schultheis, Mary Sumner ; integrated cases prepared by Douglas Bock.
250 _a4th ed.
260 _aBoston, Mass. :
_bIrwin/McGraw Hill,
_cc1998.
300 _axxii, 743 p. :
_bill. (some col.) ;
_c26 cm.
504 _aIncludes bibliographical references and indexes.
650 0 _aManagement information systems.
700 1 _aSumner, Mary
_91545
856 4 2 _3Publisher description
_uhttp://www.loc.gov/catdir/description/mh023/97025011.html
856 4 1 _3Table of contents
_uhttp://www.loc.gov/catdir/toc/mh022/97025011.html
906 _a7
_bcbc
_corignew
_d1
_eocip
_f19
_gy-gencatlg
942 _2ddc
_cBK
_h658.4038011
_iSCH/M
_k658.4038011
_mSCH/M